00217nam a2200109Ia 4500008004100000041000800041082001000049100001900059245001300078260000900091365000700100240625s9999 xx 000 0 und d aeng a808.2 aMANORAMA MUSIC aAANANDAM c2009 cRS